Transfery Śląska w letnim okienku transferowym 2020/21. - Statystyki

Ogólne statystyki
  • Ten quiz został rozwiązany 16 razy
  • Średni wynik to 5 z 8
Statystyki odpowiedzi
Cena Pozycja Poprzedni klub Piłkarz % Poprawnych
Za darmo Środkowy pomocnik St. Pauli Sobota
100%
Za darmo Ofensywny pomocnik Legia Warszawa Praszelik
87%
Za darmo Ofensywny pomocnik Bayern II Monachium Zylla
73%
? Środkowy napastnik Zagłębie Sosnowiec Piasecki
60%
Za darmo Ofensywny pomocnik Radomiak Radom Makowski
47%
? Prawy napastnik Gaziantep FK Pawłowski
47%
Za darmo Bramkarz Chrobry Głogów Szromnik
47%
50 tys Prawy obrońca Odra Opole Janasik
40%
Nie znaleziono quizów pasujących do podanych kryteriów
Rozkład punktacji
Procent ludzi z każdym wynikiem
Percentyl według liczby udzielonych odpowiedzi
Twoja historia wyników
Nie rozwiązałeś tego quizu